000 01024cam a2200277Ia 4500
020 _a0439691710
020 _a9780439691710
020 _a0439692423
020 _a9780439692427
040 _cIUI
082 4 _a813 SCH 2004 A092 Or.
100 1 _aDowner, Ann,
245 1 0 _aHatching magic /
260 _aNew York :
_bScholastic,
_c2004, c2003.
300 _a242 p. :
_bill. ;
_c20 cm.
500 _a"This edition is only available for distribution through the school market"--back cover.
500 _aOriginally published: New York : Atheneum Books for Young Readers, 2003.
520 _aWhen a thirteenth-century wizard confronts twenty-first century Boston while seeking his pet dragon, he is followed by a rival wizard and a very unhappy demon, but eleven-year-old Theodora Oglethorpe may hold the secret to setting everything right.
650 0 _aWizards
650 0 _aDragons
650 0 _aTime travel
650 0 _aMagic
650 0 _aFathers and daughters
650 0 _aNannies
942 _cEK
999 _c12730
_d12730